|
LDR
| 01297nam a2200385 i 4500 |
|---|
| 001 | 52338 |
|---|
| 003 | CZ-PrJAB |
|---|
| 005 | 20180228235009.0 |
|---|
| 007 | ta |
|---|
| 008 | 150421s2015 xr g 000 f cze |
|---|
| 015 | | . |
‡acnb002694920 |
|---|
| 020 | | . |
‡a978-80-7432-595-3
‡q(vázáno) |
|---|
| 035 | | . |
‡a(CZ PrNK)nkc20152694920 |
|---|
| 035 | | . |
‡a(OCoLC)913564087 |
|---|
| 040 | | . |
‡aOLA001
‡bcze
‡erda |
|---|
| 041 | 1 | . |
‡acze
‡hswe |
|---|
| 072 | | 7. |
‡a821.11
‡xGermánské literatury
‡2Konspekt
‡925 |
|---|
| 080 | | . |
‡a821.113.6-31
‡2MRF |
|---|
| 080 | | . |
‡a(0:82-31)
‡2MRF |
|---|
| 100 | 1 | . |
‡aSem-Sandberg, Steve,
‡d1958-
‡7jo2011639726
‡4aut |
|---|
| 240 | 1 | 0. |
‡aUtvalda.
‡lČesky |
|---|
| 245 | 1 | 0. |
‡aVyvolení /
‡cSteve Sem-Sandberg ; přeložila Dagmar Hartlová |
|---|
| 250 | | . |
‡aVydání první |
|---|
| 264 | | 1. |
‡aPraha ;
‡aLitomyšl :
‡bPaseka,
‡c2015 |
|---|
| 300 | | . |
‡a501 stran ;
‡c21 cm |
|---|
| 336 | | . |
‡atext
‡btxt
‡2rdacontent |
|---|
| 337 | | . |
‡abez média
‡bn
‡2rdamedia |
|---|
| 338 | | . |
‡asvazek
‡bnc
‡2rdacarrier |
|---|
| 500 | | . |
‡aPřeloženo ze švédštiny |
|---|
| 655 | | 7. |
‡ašvédské romány
‡7fd133923
‡2czenas |
|---|
| 655 | | 9. |
‡aSwedish fiction
‡2eczenas |
|---|
| 700 | 1 | . |
‡aHartlová, Dagmar,
‡d1951-
‡7jk01040050
‡4trl |
|---|
| 856 | 4 | 1. |
‡uhttp://krameriusndk.nkp.cz/search/handle/uuid:e828f5b0-f604-11e7-8226-005056827e52
‡yDigitalizovaný dokument |
|---|
| 910 | | . |
‡aABE461 |
|---|
| 995 | | . |
‡aska |
|---|
| 901 | | . |
‡a52338
‡bAUTOGEN
‡c52338
‡tbiblio |
|---|